La odisea de un médico en 45 países /

Kaydedildi:
Detaylı Bibliyografya
Yazar: Heiser, Victor (autor)
Materyal Türü: Kitap
Dil:İspanyolca
Baskı/Yayın Bilgisi: Buenos Aires, Argentina : Joaquín Gil, 1938, c1938
Konular:
Etiketler: Etiketle
Etiket eklenmemiş, İlk siz ekleyin!

MARC

LEADER 00000nam^a2200000^a^4500
001 000102404
005 20250521000000.0
009 20260310093312.015
037 |a Acervo ITESO - Biblioteca 
041 |a ESP 
082 |a 610. 92  |b HEI 
100 |a Heiser, Victor  |e (autor) 
245 1 3 |a La odisea de un médico en 45 países /  |c V. Heiser ; tr. por J. Hubert. 
264 4 |a Buenos Aires, Argentina :  |b Joaquín Gil,  |c 1938, c1938 
300 |a 576 p. 
336 |a texto  |b txt  |2 rdacontenido 
337 |a sin mediación  |b n  |2 rdamedio 
338 |a volumen  |b nc  |2 rdasoporte 
500 |a Traducción de: An American Doctor's Odyssey 
649 |a XX 
650 |a Médicos Norteamericanos -  |x Memorias 
650 |a Salud Pública 
650 |a Medicina Preventiva -  |x Historia -  |y Siglo XX 
650 |a Medicina -  |z EUA -  |x Historia -  |y Siglo XX 
650 |a Ciencias Médicas -  |z EUA -  |x Historia -  |y Siglo XX 
650 |a Ciencia -  |z EUA -  |x Historia -  |y Siglo XX 
650 |a Heiser, Victor 
910 |a Fondo Jesús Rodríguez 
920 |a Impresos - Libros 
930 |a Fondos Especiales 
905 |a 113 
901 |a 0500037563  |b IT2  |c ESP  |u 20250521 
902 |a https://opac.biblio.iteso.mx/vufind/Record/000102404